[Event "6. Torneo Aficionados Bali - Sub-2300"]
[Site "Benidorm ESP"]
[Date "2007.12.07"]
[Round "8.2"]
[White "Voiteanu, Gabriel"]
[Black "Minaya, Juan"]
[Result "0-1"]
[WhiteElo "2278"]
[BlackElo "2244"]
[PlyCount "118"]
[EventDate "2007.11.30"]
[EventType "swiss"]
[EventRounds "9"]
[EventCountry "ESP"]
[Source "lmi"]
[SourceDate "2007.11.30"]

1. Nf3 g6 2. g3 Bg7 3. Bg2 d6 4. d4 Nf6 5. O-O O-O 6. Nc3 Nbd7 7. e4 e5 8. Re1
Re8 9. h3 exd4 10. Nxd4 Nc5 11. Nb3 Ne6 12. a4 h5 13. a5 a6 14. Be3 Nd7 15. Qe2
h4 16. g4 Be5 17. Rad1 c6 18. Qd2 g5 19. Nd4 Ndf8 20. Nce2 Qf6 21. Nf5 Ng6 22.
Nxd6 Rd8 23. Qb4 Qe7 24. Nxc8 Qxb4 25. Rxd8+ Nxd8 26. c3 Qf8 27. Nb6 Ne6 28.
Nxa8 Qxa8 29. Rd1 Ngf4 30. Nxf4 Bxf4 31. Bb6 Qc8 32. Bf1 Bc7 33. Be3 Bxa5 34.
Bc4 Nf4 35. Rd6 Nxh3+ 36. Kf1 Bd8 37. Bd4 Kf8 38. f3 Nf4 39. Rh6 Ng6 40. Rh7
Qd7 41. e5 Ke8 42. Rg7 Nf8 43. Rg8 Be7 44. Rg7 Ne6 45. Rg8+ Nf8 46. Rg7 c5 47.
Bxf7+ Kd8 48. Bf2 Qb5+ 49. Kg1 Qxb2 50. Bd5 Qxc3 51. Rf7 Qxe5 52. Bxb7 Qa1+ 53.
Kg2 Qb2 54. Be4 h3+ 55. Kf1 Qa1+ 56. Be1 h2 57. f4 Qd4 58. Bc6 h1=Q+ 59. Bxh1
Qc4+ 0-1

[Event "6. Torneo Aficionados Bali - Sub-2300"]
[Site "Benidorm ESP"]
[Date "2007.12.07"]
[Round "8.3"]
[White "Fenollar Jorda, Manuel"]
[Black "Renteria, Jorge"]
[Result "0-1"]
[WhiteElo "2261"]
[BlackElo "2233"]
[PlyCount "82"]
[EventDate "2007.11.30"]
[EventType "swiss"]
[EventRounds "9"]
[EventCountry "ESP"]
[Source "lmi"]
[SourceDate "2007.11.30"]

1. d4 Nf6 2. Nf3 c5 3. e3 e6 4. Bd3 d5 5. c3 Nc6 6. Nbd2 Be7 7. O-O O-O 8. dxc5
Bxc5 9. e4 b6 10. Qe2 Bb7 11. e5 Nd7 12. b4 Be7 13. Nb3 a5 14. b5 Ncb8 15. a4
Nc5 16. Nxc5 bxc5 17. c4 Nd7 18. cxd5 exd5 19. e6 c4 20. exd7 cxd3 21. Qxd3 Bf6
22. Rb1 Qxd7 23. Bg5 Bd8 24. Bxd8 Rfxd8 25. Qd4 Rac8 26. Rbc1 h6 27. Qb6 Rxc1
28. Rxc1 d4 29. Rd1 Bxf3 30. gxf3 d3 31. Qxa5 Qd5 32. Qb6 Rd6 33. Qe3 Qb3 34.
Qd2 Qxa4 35. Rb1 Qh4 36. Kh1 Qh3 37. Qe3 d2 38. Qe8+ Kh7 39. Qe2 Re6 40. Qd3+
f5 41. Rg1 Re1 0-1

[Event "6. Torneo Aficionados Bali - Sub-2300"]
[Site "Benidorm ESP"]
[Date "2007.12.07"]
[Round "8.4"]
[White "Pena, Alfredo"]
[Black "Garrido Fernandez, Daniel"]
[Result "1-0"]
[WhiteElo "2249"]
[BlackElo "2250"]
[PlyCount "119"]
[EventDate "2007.11.30"]
[EventType "swiss"]
[EventRounds "9"]
[EventCountry "ESP"]
[Source "lmi"]
[SourceDate "2007.11.30"]

1. e4 c5 2. Nf3 Nc6 3. Bb5 a6 4. Bxc6 dxc6 5. d3 Bg4 6. Nbd2 e5 7. h3 Bxf3 8.
Nxf3 Bd6 9. O-O Ne7 10. Nh4 Qd7 11. Qf3 Ng6 12. Nf5 f6 13. Be3 Nf8 14. Rad1 Ne6
15. c3 O-O-O 16. Rd2 Rhf8 17. Qg4 g6 18. Nxd6+ Qxd6 19. Bxc5 Qxc5 20. Qxe6+ Kb8
21. Rfd1 Rde8 22. Qd7 Re7 23. Qg4 f5 24. exf5 gxf5 25. Qg5 Re6 26. d4 exd4 27.
Qf4+ Qe5 28. Qxe5+ Rxe5 29. Rxd4 Rf7 30. f4 Re2 31. R1d2 Rfe7 32. Kf1 Re1+ 33.
Kf2 Ra1 34. a3 Kc7 35. Re2 Rg7 36. Re5 Rb1 37. Rd2 Rf7 38. Kf3 Rf1+ 39. Rf2 Rd1
40. g4 Rd3+ 41. Re3 Rd1 42. g5 Kd6 43. Kg2 Re7 44. Ree2 Re1 45. Rd2+ Kc7 46. h4
h5 47. Rf1 R1e4 48. Rd3 R7e6 49. Kf3 Re1 50. Rxe1 Rxe1 51. Rd2 Rf1+ 52. Rf2 Re1
53. g6 Re7 54. Rg2 Rg7 55. Rg5 Kd6 56. Rxh5 Rxg6 57. Rxf5 Ke6 58. Rg5 Rh6 59.
h5 Kf6 60. Rg6+ 1-0

[Event "6. Torneo Aficionados Bali - Sub-2300"]
[Site "Benidorm ESP"]
[Date "2007.12.07"]
[Round "8.6"]
[White "Lacrosse, Marc"]
[Black "Perez, Yosvanny"]
[Result "1/2-1/2"]
[WhiteElo "2254"]
[BlackElo "2293"]
[PlyCount "54"]
[EventDate "2007.11.30"]
[EventType "swiss"]
[EventRounds "9"]
[EventCountry "ESP"]
[Source "lmi"]
[SourceDate "2007.11.30"]

1. d4 d5 2. c4 dxc4 3. Nf3 Nf6 4. e3 a6 5. Bxc4 e6 6. Qe2 c5 7. dxc5 Bxc5 8.
O-O Nc6 9. e4 Qc7 10. e5 Ng4 11. Bf4 f6 12. Nc3 O-O 13. Rac1 Ba7 14. Bb3 Ngxe5
15. Nxe5 fxe5 16. Bg3 Qe7 17. Bxe5 Rxf2 18. Rxf2 Bxf2+ 19. Qxf2 Nxe5 20. Qe3
Ng4 21. Qd4 Nf6 22. Re1 Bd7 23. Nd5 Nxd5 24. Bxd5 Rd8 25. Qe3 Bc8 26. Bxe6+
Bxe6 27. Qxe6+ Qf7 1/2-1/2

[Event "6. Torneo Aficionados Bali - Sub-2300"]
[Site "Benidorm ESP"]
[Date "2007.12.07"]
[Round "8.7"]
[White "Motyka, Michal"]
[Black "Garcia Moral Garcia, Jose Daniel"]
[Result "1-0"]
[WhiteElo "2290"]
[BlackElo "2261"]
[PlyCount "73"]
[EventDate "2007.11.30"]
[EventType "swiss"]
[EventRounds "9"]
[EventCountry "ESP"]
[Source "lmi"]
[SourceDate "2007.11.30"]

1. e4 c5 2. Nf3 a6 3. g3 d6 4. Bg2 Nc6 5. O-O Nf6 6. Re1 e6 7. c3 Be7 8. d4
cxd4 9. cxd4 d5 10. e5 Ne4 11. Nbd2 Nxd2 12. Bxd2 O-O 13. h4 Qb6 14. Bc3 Bd7
15. a3 Na5 16. Nd2 Rac8 17. f4 f5 18. h5 Nc4 19. Nxc4 Rxc4 20. Bf1 Ba4 21. Qf3
Rcc8 22. Rac1 Rf7 23. Bh3 Rcf8 24. Kh2 Bd7 25. Rg1 Re8 26. g4 Bf8 27. Rg3 Qb3
28. Qg2 Bb5 29. gxf5 exf5 30. Bb4 Qa2 31. Rg1 Qc4 32. Bxf8 Kxf8 33. Rxg7 Qc7
34. h6 Re6 35. Rg8+ Ke7 36. Qg5+ Kd7 37. Bxf5 1-0

[Event "6. Torneo Aficionados Bali - Sub-2300"]
[Site "Benidorm ESP"]
[Date "2007.12.07"]
[Round "8.8"]
[White "Bermejo Martinez, Jorge"]
[Black "Bosque Ortega, Xavier"]
[Result "0-1"]
[WhiteElo "2215"]
[BlackElo "2282"]
[PlyCount "78"]
[EventDate "2007.11.30"]
[EventType "swiss"]
[EventRounds "9"]
[EventCountry "ESP"]
[Source "lmi"]
[SourceDate "2007.11.30"]

1. d4 d5 2. c4 c6 3. e3 Nf6 4. Qc2 g6 5. Bd3 Bg7 6. Nf3 O-O 7. O-O dxc4 8. Bxc4
Bf5 9. Qe2 Nbd7 10. Nc3 Bg4 11. h3 Bxf3 12. Qxf3 e5 13. Bb3 exd4 14. exd4 Nb6
15. Rd1 Nfd5 16. Ne4 Qc7 17. Nc5 Rfe8 18. Be3 h6 19. Rac1 Rad8 20. a4 Nxe3 21.
fxe3 Qe7 22. Kf1 Nd7 23. Nd3 Kh7 24. Re1 f5 25. Nf4 Nf6 26. g4 Qe4 27. Qxe4
Nxe4 28. Bf7 g5 29. Bg6+ Kg8 30. Nd3 f4 31. Bxe8 Rxe8 32. exf4 gxf4 33. Nc5
Ng3+ 34. Kg2 Ne2 35. Kf1 f3 36. Kf2 Bxd4+ 37. Kxf3 Re3+ 38. Kf2 Nxc1 39. Rxc1
Rc3+ 0-1

[Event "6. Torneo Aficionados Bali - Sub-2300"]
[Site "Benidorm ESP"]
[Date "2007.12.07"]
[Round "8.10"]
[White "Torres Sanchez, Jose"]
[Black "Lillo Ferrer, Josep Maria"]
[Result "0-1"]
[WhiteElo "2272"]
[BlackElo "2208"]
[PlyCount "74"]
[EventDate "2007.11.30"]
[EventType "swiss"]
[EventRounds "9"]
[EventCountry "ESP"]
[Source "lmi"]
[SourceDate "2007.11.30"]

1. e4 e5 2. Nf3 Nc6 3. Nc3 Nf6 4. Bb5 Bd6 5. O-O O-O 6. d3 h6 7. h3 Re8 8. Nh2
Bc5 9. Be3 Nd4 10. Bc4 c6 11. Ng4 Nxg4 12. hxg4 b5 13. Bb3 d6 14. Bxd4 Bxd4 15.
Qf3 Rf8 16. Nd1 Qg5 17. Ne3 Bxb2 18. Rab1 Ba3 19. c3 Bc5 20. Bd1 Be6 21. Rb2 g6
22. Be2 a5 23. c4 b4 24. Nc2 Kg7 25. a4 bxa3 26. Ra2 Rfb8 27. Nxa3 Qd8 28. g3
a4 29. Kg2 Rb3 30. Rfa1 Bxa3 31. Rxa3 Rxa3 32. Rxa3 Qb6 33. Bd1 Qb4 34. Ra2 a3
35. Qe2 Qc3 36. Qc2 Qxc2 37. Bxc2 Bxg4 0-1

[Event "6. Torneo Aficionados Bali - Sub-2300"]
[Site "Benidorm ESP"]
[Date "2007.12.07"]
[Round "8.11"]
[White "Andres Terrado, Miguel Angel"]
[Black "Frick, Christoph"]
[Result "1/2-1/2"]
[WhiteElo "2161"]
[BlackElo "2265"]
[PlyCount "37"]
[EventDate "2007.11.30"]
[EventType "swiss"]
[EventRounds "9"]
[EventCountry "ESP"]
[Source "lmi"]
[SourceDate "2007.11.30"]

1. Nf3 d6 2. e4 g6 3. Nc3 Bg7 4. Bc4 e6 5. d4 a6 6. a4 b6 7. O-O Nd7 8. Bg5 Ne7
9. Qd2 h6 10. Be3 Bb7 11. Rad1 Kf8 12. h3 Nf6 13. Bd3 d5 14. e5 Ne4 15. Bxe4
dxe4 16. Nh2 Kg8 17. Ng4 Qf8 18. Qe2 Rd8 19. Bc1 1/2-1/2

[Event "6. Torneo Aficionados Bali - Sub-2300"]
[Site "Benidorm ESP"]
[Date "2007.12.07"]
[Round "8.14"]
[White "Ratushnyy, Vladimir"]
[Black "Olejarczyk, Bogdan"]
[Result "1-0"]
[WhiteElo "2281"]
[BlackElo "2203"]
[PlyCount "55"]
[EventDate "2007.11.30"]
[EventType "swiss"]
[EventRounds "9"]
[EventCountry "ESP"]
[Source "lmi"]
[SourceDate "2007.11.30"]

1. e4 c5 2. Nf3 d6 3. d4 cxd4 4. Nxd4 Nf6 5. Nc3 a6 6. Bg5 e6 7. f4 Qb6 8. Nb3
Nc6 9. Qf3 Bd7 10. O-O-O O-O-O 11. Bh4 Kb8 12. g4 Be8 13. Bg2 Rc8 14. Kb1 Nd7
15. Bf2 Qc7 16. Qe3 Be7 17. Rhe1 h6 18. Nd5 Qd8 19. Nxe7 Qxe7 20. e5 d5 21. c4
dxc4 22. Bxc6 Rxc6 23. Na5 Qc5 24. Nxc6+ Qxc6 25. Rd6 Qb5 26. Red1 Kc7 27. Qa7
c3 28. Rxd7+ 1-0

[Event "6. Torneo Aficionados Bali - Sub-2300"]
[Site "Benidorm ESP"]
[Date "2007.12.07"]
[Round "8.15"]
[White "Uribe Arteaga, Daniel"]
[Black "Sabater Sanchez, Asensio"]
[Result "1-0"]
[WhiteElo "2260"]
[BlackElo "2190"]
[PlyCount "55"]
[EventDate "2007.11.30"]
[EventType "swiss"]
[EventRounds "9"]
[EventCountry "ESP"]
[Source "lmi"]
[SourceDate "2007.11.30"]

1. e4 Nf6 2. e5 Nd5 3. Nc3 Nxc3 4. bxc3 d5 5. d4 Bf5 6. f4 e6 7. Nf3 Be7 8. Bd3
Bxd3 9. Qxd3 Qd7 10. O-O g6 11. c4 c6 12. Rb1 b6 13. a4 O-O 14. a5 dxc4 15.
Qxc4 b5 16. Qe2 Na6 17. c3 Nc7 18. Ng5 f6 19. exf6 Bxf6 20. Ba3 Rfe8 21. Rf3
Bxg5 22. fxg5 e5 23. dxe5 Rad8 24. Rbf1 Qd5 25. Qe3 Ra8 26. Qf4 Qxe5 27. Qxe5
Rxe5 28. Bd6 1-0

[Event "6. Torneo Aficionados Bali - Sub-2300"]
[Site "Benidorm ESP"]
[Date "2007.12.07"]
[Round "8.21"]
[White "Serna Lara, Sergio"]
[Black "Sanchez Barbado, Carlos"]
[Result "1-0"]
[WhiteElo "2298"]
[BlackElo "2155"]
[PlyCount "49"]
[EventDate "2007.11.30"]
[EventType "swiss"]
[EventRounds "9"]
[EventCountry "ESP"]
[Source "lmi"]
[SourceDate "2007.11.30"]

1. d4 f5 2. g3 Nf6 3. Bg2 e6 4. Nh3 Be7 5. c4 d6 6. Nc3 O-O 7. O-O c6 8. b4 e5
9. d5 Qe8 10. e4 Nxe4 11. Nxe4 fxe4 12. Ng5 Bxg5 13. Bxg5 Qg6 14. Qd2 h6 15.
Be3 Rd8 16. dxc6 bxc6 17. b5 Be6 18. Qc2 d5 19. Rfd1 Bf5 20. cxd5 cxd5 21. Qc7
Rc8 22. Qxe5 Be6 23. Rxd5 Nd7 24. Qxe4 Qh7 25. Rd6 1-0

[Event "6. Torneo Aficionados Bali - Sub-2300"]
[Site "Benidorm ESP"]
[Date "2007.12.07"]
[Round "8.25"]
[White "Alonso Alonso, Ivan"]
[Black "Cantero, Antonio"]
[Result "0-1"]
[WhiteElo "2171"]
[BlackElo "2246"]
[PlyCount "72"]
[EventDate "2007.11.30"]
[EventType "swiss"]
[EventRounds "9"]
[EventCountry "ESP"]
[Source "lmi"]
[SourceDate "2007.11.30"]

1. e4 e5 2. Nf3 Nc6 3. Bb5 a6 4. Ba4 Nf6 5. O-O Nxe4 6. d4 b5 7. Bb3 d5 8. dxe5
Be6 9. Nbd2 Bc5 10. Qe2 Bf5 11. Nxe4 dxe4 12. Rd1 exf3 13. Qxf3 Nd4 14. Rxd4
Bxd4 15. Qxf5 O-O 16. Bg5 Qe8 17. Re1 Qc6 18. c3 Bb6 19. Bf6 Rfe8 20. e6 fxe6
21. Qg5 Qd7 22. Re4 Kh8 23. Rg4 Rg8 24. Be5 Raf8 25. Rf4 Rf5 26. Rxf5 exf5 27.
h4 Re8 28. Bg3 Qe7 29. Qxf5 Rf8 30. Qd3 Qe1+ 31. Kh2 Bxf2 32. Bc2 Bxg3+ 33. Kh3
g6 34. Qxg3 Qh1+ 35. Kg4 h5+ 36. Kg5 Qc1+ 0-1

[Event "6. Torneo Aficionados Bali - Sub-2300"]
[Site "Benidorm ESP"]
[Date "2007.12.07"]
[Round "8.30"]
[White "Ferrer Roig, Juan"]
[Black "Jove Grau, Lluis"]
[Result "1-0"]
[WhiteElo "2130"]
[BlackElo "2220"]
[PlyCount "55"]
[EventDate "2007.11.30"]
[EventType "swiss"]
[EventRounds "9"]
[EventCountry "ESP"]
[Source "lmi"]
[SourceDate "2007.11.30"]

1. e4 c5 2. Nf3 a6 3. c3 Nf6 4. e5 Nd5 5. d4 cxd4 6. cxd4 e6 7. Bd3 Be7 8. Nc3
Nxc3 9. bxc3 d6 10. O-O O-O 11. exd6 Qxd6 12. Ne5 Nd7 13. Bf4 Nxe5 14. Bxe5 Qd8
15. Qc2 f5 16. Qb3 Qe8 17. Rfe1 Qf7 18. a4 Re8 19. Bc4 Bg5 20. Re2 h5 21. Rae1
Bd7 22. Bd6 b5 23. axb5 axb5 24. Bxb5 Bxb5 25. Qxb5 Red8 26. Bb4 Bf6 27. Qc4
Rd5 28. Rxe6 1-0

[Event "6. Torneo Aficionados Bali - Sub-2300"]
[Site "Benidorm ESP"]
[Date "2007.12.07"]
[Round "8.31"]
[White "Ballester Llagaria, Luis Eduard"]
[Black "Jimenez Martinez, Jose Vicente"]
[Result "1/2-1/2"]
[WhiteElo "2023"]
[BlackElo "2219"]
[PlyCount "57"]
[EventDate "2007.11.30"]
[EventType "swiss"]
[EventRounds "9"]
[EventCountry "ESP"]
[Source "lmi"]
[SourceDate "2007.11.30"]

1. e4 g6 2. d4 Bg7 3. Nc3 a6 4. f4 b5 5. Nf3 Bb7 6. Bd3 d6 7. O-O Nf6 8. e5 Nd5
9. Nxd5 Bxd5 10. Qe2 O-O 11. b3 b4 12. Be4 e6 13. Bxd5 exd5 14. f5 gxf5 15. Bg5
Qe8 16. Qf2 f6 17. exf6 Bxf6 18. Rae1 Qf7 19. Qg3 Kh8 20. Qh4 Nc6 21. Kh1 Qg7
22. Re6 Bxd4 23. Nxd4 Qxd4 24. Bf6+ Rxf6 25. Qxf6+ Qxf6 26. Rxf6 Nd4 27. Rf7
Rc8 28. Re1 c5 29. Ree7 1/2-1/2

[Event "6. Torneo Aficionados Bali - Sub-2300"]
[Site "Benidorm ESP"]
[Date "2007.12.07"]
[Round "8.33"]
[White "Soler Di Benedetto, Sandra"]
[Black "Rosa Cintas, Raul"]
[Result "1/2-1/2"]
[WhiteElo "1989"]
[BlackElo "2210"]
[PlyCount "66"]
[EventDate "2007.11.30"]
[EventType "swiss"]
[EventRounds "9"]
[EventCountry "ESP"]
[Source "lmi"]
[SourceDate "2007.11.30"]

1. d4 d5 2. Nc3 Nf6 3. Nf3 Bf5 4. Bf4 c6 5. h3 e6 6. e3 Bd6 7. Bxd6 Qxd6 8. Bd3
Nbd7 9. O-O O-O 10. Re1 Ne4 11. Ne2 b5 12. Nh4 Qe7 13. Nxf5 exf5 14. f3 Nd6 15.
Ng3 Qg5 16. Kh2 Rfe8 17. e4 f4 18. Nf1 Nf8 19. exd5 cxd5 20. Qd2 Nc4 21. Bxc4
bxc4 22. Rxe8 Rxe8 23. Re1 Rxe1 24. Qxe1 Qf5 25. Qe5 Qd7 26. Nd2 h6 27. b3 Ne6
28. c3 cxb3 29. Nxb3 Ng5 30. h4 Ne6 31. Nc5 Qe7 32. Nxe6 Qxh4+ 33. Kg1 fxe6
1/2-1/2

[Event "6. Torneo Aficionados Bali - Sub-2300"]
[Site "Benidorm ESP"]
[Date "2007.12.07"]
[Round "8.35"]
[White "Sanchez Quiroga, Miguel Angel"]
[Black "Paya Prats, Damian"]
[Result "1-0"]
[WhiteElo "2196"]
[BlackElo "2007"]
[PlyCount "59"]
[EventDate "2007.11.30"]
[EventType "swiss"]
[EventRounds "9"]
[EventCountry "ESP"]
[Source "lmi"]
[SourceDate "2007.11.30"]

1. e4 d6 2. d4 Nf6 3. Nc3 g6 4. Be3 c6 5. Qd2 b5 6. f3 Nbd7 7. h4 h5 8. Nh3 Qa5
9. Ng5 Nb6 10. b3 Bg7 11. Be2 Bd7 12. O-O O-O 13. a4 b4 14. Nd1 c5 15. Nb2 Nh7
16. Nxh7 Kxh7 17. Rad1 Rac8 18. dxc5 Bxb2 19. cxb6 axb6 20. Bc4 b5 21. axb5
Bxb5 22. Qd5 Rb8 23. Qg5 Bg7 24. Rd5 e5 25. Qe7 Qa6 26. Rxd6 Qa2 27. Bxf7 Rxf7
28. Qxf7 Bxf1 29. Qxg6+ Kh8 30. Rd7 1-0

[Event "6. Torneo Aficionados Bali - Sub-2300"]
[Site "Benidorm ESP"]
[Date "2007.12.07"]
[Round "8.36"]
[White "Jensen, Stein"]
[Black "Naranjo Moreno, Antonio"]
[Result "1/2-1/2"]
[WhiteElo "2141"]
[BlackElo "2255"]
[PlyCount "51"]
[EventDate "2007.11.30"]
[EventType "swiss"]
[EventRounds "9"]
[EventCountry "ESP"]
[Source "lmi"]
[SourceDate "2007.11.30"]

1. b3 Nf6 2. Bb2 g6 3. Bxf6 exf6 4. c4 Bg7 5. Nc3 O-O 6. g3 Nc6 7. Bg2 b6 8. e3
Bb7 9. Nge2 Na5 10. O-O Bxg2 11. Kxg2 Nc6 12. d4 Re8 13. Nf4 f5 14. a3 Nb8 15.
Qf3 Na6 16. h4 Nc5 17. Rab1 Ne4 18. Nxe4 fxe4 19. Qg4 c6 20. Rbd1 Qe7 21. a4
Rad8 22. Rh1 Kf8 23. h5 g5 24. h6 Bh8 25. Nh3 f6 26. d5 1/2-1/2

[Event "6. Torneo Aficionados Bali - Sub-2300"]
[Site "Benidorm ESP"]
[Date "2007.12.07"]
[Round "8.40"]
[White "Lillo Castan, Victor"]
[Black "Cano Gimenez, Vicente"]
[Result "1/2-1/2"]
[WhiteElo "2069"]
[BlackElo "2204"]
[PlyCount "53"]
[EventDate "2007.11.30"]
[EventType "swiss"]
[EventRounds "9"]
[EventCountry "ESP"]
[Source "lmi"]
[SourceDate "2007.11.30"]

1. e4 c5 2. Nf3 Nc6 3. d4 cxd4 4. Nxd4 g6 5. Nc3 Bg7 6. Nb3 Nf6 7. Be2 a5 8. a4
O-O 9. O-O Nb4 10. Bg5 d5 11. e5 Ne4 12. Nxe4 dxe4 13. Qxd8 Rxd8 14. Bxe7 Re8
15. Bf6 Bxf6 16. exf6 Nxc2 17. Rac1 Be6 18. Rxc2 Bxb3 19. Rc7 Re6 20. Rxb7 Bxa4
21. Ra1 Be8 22. Bb5 Rxf6 23. Bxe8 Rxe8 24. Rxa5 e3 25. fxe3 Rxe3 26. Ra1 Re2
27. Rf1 1/2-1/2

[Event "6. Torneo Aficionados Bali - Sub-2300"]
[Site "Benidorm ESP"]
[Date "2007.12.07"]
[Round "8.43"]
[White "Moreno Simo, Javier"]
[Black "Arata, Roberto"]
[Result "0-1"]
[WhiteElo "1933"]
[BlackElo "2147"]
[PlyCount "56"]
[EventDate "2007.11.30"]
[EventType "swiss"]
[EventRounds "9"]
[EventCountry "ESP"]
[Source "lmi"]
[SourceDate "2007.11.30"]

1. e4 c6 2. d4 d5 3. f3 dxe4 4. fxe4 e5 5. Nf3 exd4 6. Bc4 Nd7 7. O-O Ngf6 8.
Bxf7+ Kxf7 9. e5 Nxe5 10. Nxe5+ Kg8 11. c3 d3 12. Qb3+ Qd5 13. Qxd5+ Nxd5 14.
Nf7 Bc5+ 15. Kh1 Bg4 16. Nxh8 Be2 17. Rf5 Kxh8 18. c4 Bg4 19. Re5 Bd6 20. Re1
Nb4 21. Na3 Be2 22. Bd2 a5 23. Rxe2 dxe2 24. g3 Rf8 25. Kg2 Bc5 26. Bxb4 Rf2+
27. Kh3 Bxb4 28. Nc2 Rf1 0-1

[Event "6. Torneo Aficionados Bali - Sub-2300"]
[Site "Benidorm ESP"]
[Date "2007.12.07"]
[Round "8.44"]
[White "Sahelices Casado, Roberto"]
[Black "Richardson, Keith B"]
[Result "1/2-1/2"]
[WhiteElo "2117"]
[BlackElo "2239"]
[PlyCount "43"]
[EventDate "2007.11.30"]
[EventType "swiss"]
[EventRounds "9"]
[EventCountry "ESP"]
[Source "lmi"]
[SourceDate "2007.11.30"]

1. c4 Nf6 2. Nc3 g6 3. e4 d6 4. d4 Bg7 5. f3 O-O 6. Be3 Nbd7 7. Qd2 c5 8. d5
Ne5 9. Bg5 e6 10. f4 Neg4 11. O-O-O exd5 12. Nxd5 h6 13. Bxf6 Nxf6 14. Bd3 Nxd5
15. exd5 Qf6 16. Ne2 Bf5 17. Bxf5 Qxf5 18. Ng3 Qg4 19. Ne4 Rfe8 20. h3 Qd7 21.
Qc2 b5 22. Rde1 1/2-1/2

[Event "6. Torneo Aficionados Bali - Sub-2300"]
[Site "Benidorm ESP"]
[Date "2007.12.07"]
[Round "8.48"]
[White "Pardo Simon, David"]
[Black "Gomez Benitez, David"]
[Result "1-0"]
[WhiteElo "2173"]
[BlackElo "2084"]
[PlyCount "39"]
[EventDate "2007.11.30"]
[EventType "swiss"]
[EventRounds "9"]
[EventCountry "ESP"]
[Source "lmi"]
[SourceDate "2007.11.30"]

1. e4 d5 2. exd5 Qxd5 3. Nc3 Qd6 4. d4 Nf6 5. Nf3 a6 6. Bd3 Nc6 7. O-O Bg4 8.
Ne4 Nxe4 9. Bxe4 O-O-O 10. c3 f6 11. h3 Bh5 12. Qd3 e5 13. Bxc6 Qxc6 14. Qf5+
Kb8 15. Qxh5 g6 16. Qh4 e4 17. Nd2 Bd6 18. Qxe4 Qd7 19. Qf3 f5 20. Nc4 1-0

[Event "6. Torneo Aficionados Bali - Sub-2300"]
[Site "Benidorm ESP"]
[Date "2007.12.07"]
[Round "8.51"]
[White "Marquinez Cabrejas, Francisco Javier"]
[Black "Ribes Peris, Alvaro"]
[Result "1-0"]
[WhiteElo "2030"]
[BlackElo "2157"]
[PlyCount "45"]
[EventDate "2007.11.30"]
[EventType "swiss"]
[EventRounds "9"]
[EventCountry "ESP"]
[Source "lmi"]
[SourceDate "2007.11.30"]

1. Nf3 e6 2. c4 f5 3. d3 Nf6 4. Nc3 Be7 5. e4 d6 6. exf5 exf5 7. d4 O-O 8. Bd3
c6 9. O-O Na6 10. Qb3 Re8 11. Re1 Nc7 12. Bg5 Ne6 13. Re2 Nxg5 14. Nxg5 Nh5 15.
Nh3 f4 16. c5+ d5 17. Re5 Bf6 18. Rxh5 g6 19. Nxd5 Be6 20. Nhxf4 cxd5 21. Nxe6
Rxe6 22. Rxd5 Qe7 23. Rd6 1-0

[Event "6. Torneo Aficionados Bali - Sub-2300"]
[Site "Benidorm ESP"]
[Date "2007.12.07"]
[Round "8.58"]
[White "Donovan, Linton"]
[Black "Navarro Lopez-Menchero, Daniel"]
[Result "1/2-1/2"]
[WhiteElo "2124"]
[BlackElo "1931"]
[PlyCount "67"]
[EventDate "2007.11.30"]
[EventType "swiss"]
[EventRounds "9"]
[EventCountry "ESP"]
[Source "lmi"]
[SourceDate "2007.11.30"]

1. e4 c5 2. Nc3 e6 3. f4 a6 4. a4 Nc6 5. Nf3 d5 6. Qe2 Be7 7. g3 Nf6 8. Bg2 Nd4
9. Qd3 Nc6 10. Qe2 Nd4 11. Qd1 dxe4 12. Ne5 Bd7 13. Nxe4 Nxe4 14. Bxe4 Nc6 15.
Nxc6 Bxc6 16. Bxc6+ bxc6 17. Qf3 Qd5 18. O-O O-O 19. d3 Bf6 20. Ra3 Rab8 21. b3
Rfc8 22. Ra2 h6 23. Kg2 Bd4 24. Bb2 Rd8 25. Re1 Bxb2 26. Rxb2 Qxf3+ 27. Kxf3
Kf8 28. Rbb1 Ke7 29. Re5 Rd5 30. Rbe1 Rbd8 31. R1e4 Rxe5 32. Rxe5 Rd5 33. Ke3
Kd6 34. Ke4 1/2-1/2

[Event "6. Torneo Aficionados Bali - Sub-2300"]
[Site "Benidorm ESP"]
[Date "2007.12.07"]
[Round "8.60"]
[White "Ingunza Lopez, Txema"]
[Black "Pavon Cardenas, Jesus M"]
[Result "1-0"]
[WhiteElo "2035"]
[BlackElo "2103"]
[PlyCount "65"]
[EventDate "2007.11.30"]
[EventType "swiss"]
[EventRounds "9"]
[EventCountry "ESP"]
[Source "lmi"]
[SourceDate "2007.11.30"]

1. e4 c5 2. Nf3 Nc6 3. d4 cxd4 4. Nxd4 Nf6 5. Nc3 e5 6. Ndb5 d6 7. Nd5 Nxd5 8.
exd5 Nb8 9. c4 Bf5 10. Be2 g6 11. O-O Bg7 12. Be3 a6 13. Nc3 O-O 14. Rc1 h5 15.
h3 h4 16. b4 b6 17. Qd2 Nd7 18. Na4 Re8 19. Rfd1 e4 20. c5 bxc5 21. bxc5 dxc5
22. Nxc5 Nxc5 23. Rxc5 Rb8 24. Rdc1 Qd7 25. Bxa6 Bxh3 26. gxh3 Qxh3 27. Bf1
Qg4+ 28. Kh1 Qf3+ 29. Bg2 Qf5 30. d6 Be5 31. d7 Red8 32. Qd5 h3 33. Bxe4 1-0

[Event "6. Torneo Aficionados Bali - Sub-2300"]
[Site "Benidorm ESP"]
[Date "2007.12.08"]
[Round "9.3"]
[White "Raut, Cristian"]
[Black "Barcelo, Pedro"]
[Result "0-1"]
[WhiteElo "2295"]
[BlackElo "2190"]
[PlyCount "70"]
[EventDate "2007.11.30"]
[EventType "swiss"]
[EventRounds "9"]
[EventCountry "ESP"]
[Source "lmi"]
[SourceDate "2007.11.30"]

1. c4 Nf6 2. Nc3 c5 3. Nf3 b6 4. e3 Bb7 5. d4 e6 6. d5 b5 7. dxe6 fxe6 8. Nxb5
d5 9. cxd5 exd5 10. Be2 a6 11. Na3 Bd6 12. O-O O-O 13. b3 Qe7 14. Bb2 Nbd7 15.
Qd3 Rae8 16. Rad1 Bb8 17. Nc2 Ne4 18. Nce1 Qd6 19. g3 Qh6 20. Ng2 Ndf6 21. h4
Ng4 22. Nf4 Nexf2 23. Rxf2 Rxe3 24. Qd2 Bxf4 25. gxf4 Qxf4 26. Rg2 d4 27. Nxd4
cxd4 28. Qxd4 Re4 29. Qd7 Rxe2 30. Rxe2 Bf3 31. Qe6+ Kh8 32. Rdd2 Bxe2 33. Qxe2
Ne3 34. Rd3 Qg3+ 35. Kh1 Qh3+ 0-1

[Event "6. Torneo Aficionados Bali - Sub-2300"]
[Site "Benidorm ESP"]
[Date "2007.12.08"]
[Round "9.5"]
[White "Bosque Ortega, Xavier"]
[Black "Morales Camacho, Julian"]
[Result "1-0"]
[WhiteElo "2282"]
[BlackElo "2239"]
[PlyCount "63"]
[EventDate "2007.11.30"]
[EventType "swiss"]
[EventRounds "9"]
[EventCountry "ESP"]
[Source "lmi"]
[SourceDate "2007.11.30"]

1. d4 Nc6 2. Nf3 d6 3. Bf4 Nf6 4. h3 g6 5. e3 Bg7 6. Be2 O-O 7. O-O Qe8 8. c4
e5 9. Bh2 Qe7 10. Nc3 a6 11. Nd5 Qd8 12. dxe5 dxe5 13. Qb3 Re8 14. Rad1 Nxd5
15. cxd5 Na7 16. Rd2 Nb5 17. Bxb5 axb5 18. Qxb5 Rxa2 19. Rc1 Ra6 20. Rdc2 Re7
21. Bg3 h6 22. e4 Kh7 23. Rc5 f5 24. exf5 Bxf5 25. Qxb7 Rb6 26. Qa7 c6 27. Qa5
cxd5 28. Rxd5 Qg8 29. Bxe5 Rbb7 30. Bxg7 Qxg7 31. Re5 Red7 32. Rxf5 1-0